| 000 | 004350000a22001570004500 | ||
|---|---|---|---|
| 020 | _a0 521 09750 9 | ||
| 060 | _a100 | ||
| 082 | _a631. 47 PER | ||
| 100 | _aPereira, H C | ||
| 245 | _aLand use and water resources: in temperate and tropical climates | ||
| 260 | _aLondon, Cambridge University Press | ||
| 260 | _c1973 | ||
| 300 | _a241 | ||
| 650 | _aWatershed management/watershed experiments-tropical forests | ||
| 942 | _cBK | ||
| 999 |
_c362072 _d362072 |
||